Colombia campesina (Registro nro. 9430)

Detalles MARC
000 -CABECERA
Longitud fija campo de control 00955nam a2200277 a 4500
003 - IDENTIFICADOR DEL NUMERO DE CONTROL
Identificador del número de control CO-ViMGA
005 - FECHA Y HORA DE LA ULTIMA TRANSACCION
Fecha y hora de la última transacción 20230915233132.0
008 - CODIGOS DE INFORMACION DE LONGITUD FIJA
Códigos de información de longitud fija 120929s2011 ck ab gr 000 0dspa d
020 ## - NUMERO INTERNACIONAL NORMALIZADO PARA LIBROS
Número Internacional Normalizado para Libros (ISBN) 9789588293813
040 ## - FUENTE DE LA CATALOGACION
Centro catalogador de origen CO-ViMGA
Lengua de catalogación spa
Centro transcriptor CO-ViMGA
043 ## - CODIGO DE AREA GEOGRAFICA
Código de área geográfica ck
082 04 - NUMERO DE LA CLASIFICACION DECIMAL DEWEY
Número de clasificación (R) R 305.5
Número del ítem M24c
100 10 - PUNTO DE ACCESO PRINCIPAL-NOMBRE DE PERSONA
Nombre de persona Mejia Vallejo, Manuel,
Fechas asociadas al nombre 1923-1998
245 10 - TITULO PROPIAMENTE DICHO
Título Colombia campesina
Mención de responsabilidad, etc. Manuel Mejia Vallejo
250 ## - MENCION DE EDICION
Mención de edición 2a. edicin̤
300 ## - DESCRIPCION FISICA
Extensión 207 pg̀inas
Otras características físicas ilustraciones, mapas
Dimensiones 32 cm.
500 ## - NOTA GENERAL
Nota general Donacion Villegas Editores
650 14 - PUNTO DE ACCESO ADICIONAL DE MATERIA - TERMINO DE MATERIA
Término de materia o nombre geográfico como elemento inicial Campesinos
Subdivisión geográfica Colombia
Subdivisión de forma Fotografa̕s
Fuente del encabezamiento LEMB
650 14 - PUNTO DE ACCESO ADICIONAL DE MATERIA - TERMINO DE MATERIA
Término de materia o nombre geográfico como elemento inicial Poblacion rural
Subdivisión geográfica Colombia
Subdivisión de forma Fotografa̕s
Fuente del encabezamiento LEMB
650 14 - PUNTO DE ACCESO ADICIONAL DE MATERIA - TERMINO DE MATERIA
Término de materia o nombre geográfico como elemento inicial Vida en el campo
Subdivisión geográfica Colombia
Subdivisión de forma Fotografa̕s
Fuente del encabezamiento LEMB
651 #4 - PUNTO DE ACCESO ADICIONAL DE MATERIA - NOMBRE GEOGRAFICO
Nombre geográfico Colombia
Subdivisión de materia general Descripcin̤
Subdivisión de forma Fotografa̕s
700 10 - PUNTO DE ACCESO ADICIONAL - NOMBRE DE PERSONA
Nombre de persona Benjamin, Villegas
Término indicativo de función editor
700 10 - PUNTO DE ACCESO ADICIONAL - NOMBRE DE PERSONA
Nombre de persona Cedeǫ, Mercedes
942 ## - ENTRADA DE ELEMENTOS AGREGADOS (KOHA)
Fuente de clasificaión o esquema Dewey Decimal Classification
Koha [por defecto] tipo de item Libro Referencia
Existencias
Perdido Fuente de clasificación o esquema Estado Físico No para préstamo Forma de adquisición Localización permanente Localización actual Localización en estanterías Fecha adquisición Préstamos totales Signatura completa Código de barras Fecha última consulta Número de copia Fecha del precio de reemplazo Tipo de item de Koha Note pública
  Dewey Decimal Classification       Biblioteca Pública San Carlos de Guaroa - Eduardo Carranza Biblioteca Pública San Carlos de Guaroa - Eduardo Carranza Referencia 08/15/2024   R 305.5 SG02028 08/15/2024 Ej.1 08/15/2024 Libro Referencia  
  Dewey Decimal Classification     Colección General Biblioteca Pública El Castillo - Alfonso Meneses Biblioteca Pública El Castillo - Alfonso Meneses Referencia 09/13/2023   R 305.5 M24c EC02817 09/13/2023 Ej.1 09/13/2023 Libro Referencia  
        Sala de Referencia Maruja Hernández de Gil Biblioteca Pública Departamental Eduardo Carranza - Villavicencio Biblioteca Pública Departamental Eduardo Carranza - Villavicencio Referencia 03/04/2016   R 305.5633 C65m ECA10450 11/26/2024 Ej.1 11/26/2024 LIbro 18656 | 23824
  Dewey Decimal Classification     Sala General Segundo Piso Biblioteca Pública Germán Arciniegas - Villavicencio Biblioteca Pública Germán Arciniegas - Villavicencio   05/27/2016   R 305.5 M24c 30084 05/27/2016 Ej. 1 05/27/2016 Libro Referencia  
  Dewey Decimal Classification     Colección General Biblioteca Pública Guamal Biblioteca Pública Guamal Referencia 04/24/2023   R 305.5 M24c GUA003368 04/24/2023 Ej.1 04/24/2023 Libro Referencia  
  Dewey Decimal Classification     Colección General Biblioteca Pública La Macarena Biblioteca Pública La Macarena Literatura 09/17/2025   R 305.5 M24c LM03279 09/17/2025 Ej.1 09/17/2025 Libro Referencia  









Instituto Departamental de Cultura del Meta - Red Departamental de Bibliotecas Públicas del Meta.